| 000 | 00666 a2200193 4500 | ||
|---|---|---|---|
| 999 |
_c7872 _d7872 |
||
| 020 | _a9780230207950 (hbk.) | ||
| 020 | _a9780230207967 (pbk.) | ||
| 050 | 0 | 0 | _aJZ1242 SIL 2010 |
| 100 | 1 |
_aSil, Rudra, _d1967- |
|
| 245 | 1 | 0 |
_aBeyond paradigms : _banalytic eclecticism in the study of world politics / _cRudra Sil and Peter J. Katzenstein. |
| 264 |
_aHampshire: _bPalgrave Macmillan, _c2010 |
||
| 300 |
_axv, 263 p. : _bill. ; |
||
| 440 | _aPolitical Analysis series | ||
| 500 | _aIncludes index | ||
| 504 | _aIncludes bibliographical references and index. | ||
| 650 | 0 | _aInternational relations. | |
| 700 | 1 | _aKatzenstein, Peter J. | |
| 942 |
_2lcc _cBK _h1242 _iSIL _kJZ |
||